=LDR 00000nam 2200000 4500 =001 NUTBA000000000004258 =005 20140909142355.0 =006 =007 =008 =020 ##$$a 979-3464-13-5 =035 ##$$a 0010-091400000000291 =040 ##$$a Ind =082 ##$$a 658.3 =090 ##$$a 658.3$bBuh a =100 ##$$a Buhler, Patricia. =245 ##$$a Alpha teach yourself$bManagement skills dalam 24 jam$cPatricia buhler =250 ##$$a Ed.1,Cet.1 =260 ##$$a Jakarta$bPrenada$c2004. =300 ##$$a Ix,440 HLm$c25 cm. =850 ##$$a NBPNMAT =990 ##$$a 21005686 =990 ##$$a 0001/BPAP-NTB/20142014 =990 ##$$a 0001/BPAP-NTB/20142014